[Event "Perth Metro CC-chC"]
[Site "Perth"]
[Date "2006.05.04"]
[Round "9"]
[White "Garcia, Mat"]
[Black "McLean, D."]
[Result "1-0"]
[WhiteElo "1489"]
[BlackElo "1459"]
[PlyCount "89"]
[EventDate "2006.02.02"]
[EventType "tourn"]
[EventRounds "11"]
[EventCountry "AUS"]
[SourceTitle "EXT 2010"]
[Source "ChessBase"]
[SourceDate "2010.11.25"]
[SourceVersion "1"]
[SourceVersionDate "2010.11.25"]
[SourceQuality "1"]

1. e4 e5 2. Nf3 Nc6 3. Bb5 d6 4. Bxc6+ bxc6 5. h3 Nf6 6. Qe2 Be7 7. 0-0 0-0 8. d4 Nd7 9. dxe5 dxe5 10. Rd1 Bd6 11. b3 Qe7 12. Qc4 Bb7 13. Bg5 Qe8 14. Nbd2 Kh8 15. a4 a5 16. Qc3 h6 17. Bh4 g5 18. Bg3 Qe6 19. Nc4 Bb4 20. Qb2 f6 21. Ne3 Nc5 22. c3 Bxc3 23. Qxc3 Nxe4 24. Qc4 Qxc4 25. Nxc4 Nxg3 26. fxg3 c5 27. Rd7 Bxf3 28. gxf3 Rfb8 29. Nd2 Rd8 30. Rxd8+ Rxd8 31. Ra2 Rd3 32. Kf2 f5 33. Ke2 e4 34. Rc2 f4 35. gxf4 gxf4 36. Rxc5 Re3+ 37. Kf2 exf3 38. Nxf3 Rxb3 39. Rxc7 Rb2+ 40. Kf1 Rb4 41. Ne5 Rxa4 42. Ng4 Ra3 43. Nf6 Ra1+ 44. Ke2 Ra2+ 45. Kd1 1-0

[Event "Perth Respini-C"]
[Site "Perth"]
[Date "2005.10.27"]
[Round "8"]
[White "McLean, D."]
[Black "Arnold, A."]
[Result "1-0"]
[WhiteElo "1457"]
[BlackElo "1359"]
[PlyCount "57"]
[EventDate "2005.09.01"]
[EventType "tourn"]
[EventRounds "9"]
[EventCountry "AUS"]
[SourceTitle "EXT 2010"]
[Source "ChessBase"]
[SourceDate "2010.11.25"]
[SourceVersion "1"]
[SourceVersionDate "2010.11.25"]
[SourceQuality "1"]

1. e4 e5 2. Nf3 d6 3. d4 exd4 4. Nxd4 Bd7 5. Bd3 Be7 6. 0-0 Nf6 7. f4 Nc6 8. Nf3 Bg4 9. Nc3 0-0 10. Be3 h6 11. a3 Nd7 12. b4 Bf6 13. Qd2 Bxf3 14. Rxf3 g6 15. Rb1 Re8 16. Nd5 Bg7 17. Qf2 Nf6 18. c4 Ng4 19. Qd2 Nxe3 20. Nxe3 Nd4 21. Rh3 Qd7 22. Qf2 Ne6 23. Qh4 Nf8 24. Ng4 Qe7 25. Nxh6+ Kh8 26. Qg3 Qf6 27. Rf1 Qd4+ 28. Kh1 Bxh6 29. Rxh6+ 1-0

[Event "Perth Respini-C"]
[Site "Perth"]
[Date "2005.10.06"]
[Round "5"]
[White "Garcia, Mat"]
[Black "McLean, D."]
[Result "1/2-1/2"]
[WhiteElo "1497"]
[BlackElo "1457"]
[PlyCount "111"]
[EventDate "2005.09.01"]
[EventType "tourn"]
[EventRounds "9"]
[EventCountry "AUS"]
[SourceTitle "EXT 2010"]
[Source "ChessBase"]
[SourceDate "2010.11.25"]
[SourceVersion "1"]
[SourceVersionDate "2010.11.25"]
[SourceQuality "1"]

1. d4 d5 2. Nf3 Bf5 3. c3 Nf6 4. Qb3 Qc8 5. Bg5 Nbd7 6. Nbd2 e6 7. e3 h6 8. Bh4 Be7 9. Rc1 c5 10. Bxf6 c4 11. Bxg7 Rh7 12. Qa4 Rxg7 13. b3 b5 14. Qxb5 Rb8 15. Qa4 Kf8 16. b4 Nb6 17. Qxa7 Rb7 18. Qa3 Qc7 19. Qb2 Na4 20. Qa1 Rg8 21. g3 Kg7 22. Be2 Ra8 23. Bd1 Nxc3 24. Rxc3 Bxb4 25. Bc2 Qa5 26. Rxc4 dxc4 27. d5+ Bc3 28. Qc1 Bxc2 29. Qxc2 Rb2 30. Qc1 Bxd2+ 31. Nxd2 Qxd2+ 32. Qxd2 Rxd2 33. Kxd2 Rxa2+ 34. Kc3 exd5 35. Rf1 Ra3+ 36. Kb2 Rb3+ 37. Kc2 Kg6 38. Rd1 Rb5 39. Rd4 f5 40. f3 Rb3 41. e4 fxe4 42. fxe4 dxe4 43. Rxe4 Ra3 44. Kb2 Rb3+ 45. Ka2 Rd3 46. Rh4 Rd2+ 47. Kb1 c3 48. Kc1 Rg2 49. Rg4+ Kf6 50. Rh4 Kg5 51. Rh3 h5 52. Rh4 Rf2 53. Rc4 Rxh2 54. Rxc3 Kg4 55. Kd1 Rg2 56. Ke1 1/2-1/2